000 00606cam a2200229 4500
001 986783
005 20250825162524.0
008 690430s1969 nyua b 001 0 eng
010 _a 69011587
035 _a(OCoLC)ocm00004179
040 _aDLC
_cDLC
_dm.c.
_dSER
_dOCL
_dZCU
050 0 _aBL80.2
_b.N67 1963
100 1 _aNoss, John Boyer.
245 1 0 _aMan's religions/
250 _a3rd ed.
260 _a[New York]
_bMacmillan
_c[1963]
300 _axvi, 816 p.
_billus.
_c24 cm.
504 _aIncludes bibliographical references.
650 0 _aReligions.
942 _2lcc
_cBK
999 _c22103
_d22103